La père Goriot (Record no. 5783)

MARC details
000 -CABECERA
campo de control de longitud fija 00548nam a2200217 a 4500
001 - NÚMERO DE CONTROL
campo de control BRCA_6096
005 - FECHA Y HORA DE LA ÚLTIMA TRANSACCIÓN
campo de control 20190320205331.0
008 - DATOS DE LONGITUD FIJA--INFORMACIÓN GENERAL
campo de control de longitud fija 220611s1830----fr-#######---#000-1#fre-#
041 ## - CÓDIGO DE LENGUA
Código de lengua del texto/banda sonora o título independiente fre
044 ## - CÓDIGO DEL PAÍS DE LA ENTIDAD EDITORA/PRODUCTORA
Código MARC del país fr
050 #4 - SIGNATURA TOPOGRÁFICA DE LA BIBLIOTECA DEL CONGRESO
Número de clasificación PQ2168
Número de documento/Ítem .B35
-- 1830
100 1# - ENTRADA PRINCIPAL--NOMBRE DE PERSONA
Nombre de persona Balzac, Honore de
Fechas asociadas al nombre 1799-1850
9 (RLIN) 15415
245 10 - MENCIÓN DE TÍTULO
Título La père Goriot
Mención de responsabilidad, etc. Honore de Balzac.
250 ## - MENCIÓN DE EDICIÓN
Mención de edición Edición especial.
260 ## - PUBLICACIÓN, DISTRIBUCIÓN, ETC.
Lugar de publicación, distribución, etc. París
Nombre del editor, distribuidor, etc. R. Simon
Fecha de publicación, distribución, etc. [1830]
300 ## - DESCRIPCIÓN FÍSICA
Extensión 287 p.
Dimensiones 19 cm.
500 ## - NOTA GENERAL
Nota general I20
650 14 - PUNTO DE ACCESO ADICIONAL DE MATERIA--TÉRMINO DE MATERIA
Término de materia o nombre geográfico como elemento de entrada Literatura Francesa.
9 (RLIN) 15416
902 ## - CATALOGADOR
Iniciales GFM
942 ## - ELEMENTOS DE PUNTO DE ACCESO ADICIONAL (KOHA)
Fuente del sistema de clasificación o colocación Library of Congress Classification
Tipo de ítem Koha Libros
Holdings
Estado de retiro Estado de pérdida Estado dañado No para préstamo Localización permanente Ubicación/localización actual Fecha de adquisición Número de inventario Total de préstamos Signatura topográfica completa Código de barras Fecha visto por última vez Precio válido a partir de Tipo de ítem Koha
El ejemplar forma parte de la colección y puede ser consultado según las políticas vigentes.       Biblioteca del Museo Franz Mayer (Rogerio Casas-Alatriste) Biblioteca del Museo Franz Mayer (Rogerio Casas-Alatriste) 22/06/2011 I20   PQ2168 .B35 1830 (I20) 6535 22/03/2019 22/03/2019 Libros